000 00682nam a2200205 a 4500
001 4460386
003 OSt
005 20241028171238.0
008 241028s1995 gh b 001 0 eng
020 _a998875860X
_qPaperback
050 0 0 _aKRX451
_b.B56 1995
082 0 0 _a349.667
_221
100 2 _aBimpong-Buta, S. Y.,
_d1940-
_eAuthor
245 1 4 _aThe law of interpretation in Ghana :
_bexposition and critique /
_cby S.Y. Bimpong-Buta.
260 _aAccra, Ghana :
_bAdvanced Legal Publications,
_c1995.
300 _axxxi, 394 p. ;
_c23 cm.
650 0 _aLaw
_zGhana
_xInterpretation and construction.
650 0 _aDeeds
_zGhana
_xInterpretation and construction.
942 _2lcc
_cBK
_n0
999 _c307
_d307